| 000 | 02066cpcaa2200385 a 4500 | ||
|---|---|---|---|
| 001 | mm 96077406 | ||
| 003 | DLC | ||
| 005 | 20260227111725.0 | ||
| 007 | cr ||||||||||| | ||
| 008 | 960718|||||||||||| eng | ||
| 010 | _amm 96077406 | ||
| 040 |
_aDLC _cDLC _dDLC _edacs |
||
| 072 | 7 |
_aR _2lcmd |
|
| 110 | 2 | _aAmerican Friends Service Committee. | |
| 245 | 0 | 0 |
_aAmerican Friends Service Committee records, _f1933-1988 _g(bulk 1933-1938). |
| 300 |
_a20 _fitems. |
||
| 300 |
_a1 _fcontainer. |
||
| 300 |
_a0.2 _flinear feet. |
||
| 506 | 0 | _aOpen to research. | |
| 520 | 8 | _aJournal (1933) kept by Herbert and Jo Abraham recording experiences of American Friends Service Committee volunteers at a mining camp in Letcher County, Ky., endeavoring to improve social conditions there and in the town of Hemphill. Includes correspondence, photographs, and other papers of the volunteers and typewritten transcript (1986) of the journal with addenda appended by Herbert Abraham. | |
| 544 |
_3Photographs _etransferred to _aLibrary of Congress Prints and Photographs Division. |
||
| 545 | 0 | _aQuaker organization formed to promote peace and reconciliation through its social service and relief programs. | |
| 546 | _aCollection material in English. | ||
| 555 | 8 |
_aFinding aid available in the Library of Congress Manuscript Reading Room and at _uhttp://hdl.loc.gov/loc.mss/eadmss.ms008126 |
|
| 650 | 0 |
_aCoal mines and mining _zKentucky _zHemphill. |
|
| 650 | 0 |
_aCoal mines and mining _zKentucky _zLetcher County. |
|
| 650 | 0 |
_aSocial problems _zKentucky _zHemphill. |
|
| 650 | 0 |
_aSocial problems _zKentucky _zLetcher County. |
|
| 700 | 1 |
_aAbraham, Herbert. _tHerbert Abraham papers. |
|
| 700 | 1 |
_aAbraham, Jo. _tJo Abraham papers. |
|
| 856 | 4 |
_3Finding aid _uhttp://hdl.loc.gov/loc.mss/eadmss.ms008126 |
|
| 856 | 4 |
_3Finding aid (PDF) _uhttp://hdl.loc.gov/loc.mss/eadmss.ms008126.3 |
|
| 999 |
_c44364 _d44364 |
||